000
00289nam a22001337a 4500
008
170728b xxu||||| |||| 00| 0 eng d
020
_a
0534075061
041
_a
eng
080
_a
004
100
_a
32
101
_a
SHK
245
_a
SOFTWARE ENGINEERING
_c
STEWARD,D.V
942
_2
udc
_c
BK
999
_c
22153
_d
22153